Statistiques concernant Football - Anciens joueurs du Real Madrid (moins de 60 matchs)

Cliquez ici pour prendre le quiz!

Statistiques générales

  • Ce quiz a été pris 250 fois
  • Le résultat moyen est 8 sur 12

Statistiques - réponses

Nationalité - Dernier clubSaisonsPosteRéponse% Correct
Maroc - Paris Saint-Germain2017 - 2018DéfenseurAchraf Hakimi
95%
France - West Ham2019 - 2020GardienAlphonse Areola
93%
Norvège - Arsenal2015 - 2021MilieuMartin Odegaard
91%
France - AC Milan2017 - 2018DéfenseurThéo Hernandez
90%
Brésil - Al-Ittihad2012 - 2013MilieuFabinho
80%
Mexique - Deportivo Guadalajara2014 - 2015AttaquantChicharito
73%
Pays-Bas - Schalke 04 (retraité)2008 - 2009AttaquantKlaas-Jan Huntelaar
56%
Pologne - (Retraite)2007 - 2011GardienJerzy Dudek
53%
Turquie - Antalyaspor (retraité)2011 - 2014MilieuNuri Sahin
33%
Russie - Venise FC2012 - 2013AttaquantDenis Cheryshev
32%
Espagne - Wolverhampton2010 - 2011AttaquantPablo Sarabia
32%
Espagne - FC Barcelone2009 - 2010DéfenseurMarcos Alonso
25%

Distribution des résultats

Percentile par nombre de réponses

% des personnes avec chaque résultat

Votre développement - résultats

Vous n’avez pas pris ce quiz